Score 0/18 Timer 03:00
0 Plays Today
Title Missing Word % Correct
Charlotte's ____Web
96.7%
The ____ of the OperaPhantom
96.6%
The Lion, the ____, and the WardrobeWitch
94.7%
Angels and ____Demons
94.1%
Amityville ____Horror
92.5%
Interview with the ____Vampire
91.9%
I Hope They Serve Beer in ____Hell
86.6%
Along Came a ____Spider
83.6%
____ and Loathing in Las VegasFear
80.9%
Title Missing Word % Correct
____ Friday Freaky
76.4%
____ BeautyBlack
74.8%
The Lovely ____Bones
74%
Heart of ____Darkness
58.1%
The Canterville ____Ghost
50.9%
Goodnight ____Moon
50.5%
Pride and Prejudice and ____Zombies
46.9%
A _____ in the FamilyDeath
45%
____ MeridianBlood
20.6%

Today's Daily Dose

Remove Ads.
Support Sporcle.
Get the best of Sporcle when you Go Orange. This ad-free experience offers more features, more stats, and more fun while also helping to support Sporcle. Thank you for becoming a member.

You're not logged in!

Compare scores with friends on all Sporcle quizzes.
OR
Log In

Show Comments

Extras

Top Quizzes Today


Score Distribution

Your Account Isn't Verified!

In order to create a playlist on Sporcle, you need to verify the email address you used during registration. Go to your Sporcle Settings to finish the process.

Report this User

Report this user for behavior that violates our Community Guidelines.

Details: